Полярографическое исследование некоторых производных 4-ацетилдифенила и 2-ацетилфлуорена: отдельный оттиск

Podrobná bibliografie
Hlavní autor: Безуглый В. Д.
Další autoři: Мельник Л. А.
Jazyk:ruština
Vydáno: Москва, Наука, 1964
Edice:Журнал общей химии Т. 34 (96), вып. 7
Témata:
Médium: MixedMaterials Kniha
KOHA link:https://koha.lib.tpu.ru/cgi-bin/koha/opac-detail.pl?biblionumber=335278

MARC

LEADER 00000nam0a2200000 4500
001 335278
005 20231102004734.0
035 |a (RuTPU)RU\TPU\book\361643 
090 |a 335278 
100 |a 20170920d1964 k y0rusy50 ca 
101 0 |a rus 
102 |a RU 
105 |a a z 001zy 
200 1 |a Полярографическое исследование некоторых производных 4-ацетилдифенила и 2-ацетилфлуорена  |e отдельный оттиск  |f В. Д. Безуглый, Л. А. Мельник 
210 |a Москва  |a Ленинград  |c Наука  |d 1964 
215 |a 4 с.  |c ил. 
225 1 |a Журнал общей химии  |v Т. 34 (96), вып. 7 
320 |a Библиогр. в конце ст. 
606 1 |a Полярографический анализ  |2 stltpush  |3 (RuTPU)RU\TPU\subj\50820  |9 69454 
610 1 |a 4-ацетилдифенил 
610 1 |a 2-ацетилфлуорен 
610 1 |a производные 
610 1 |a полярографические исследования 
610 1 |a оттиски 
610 1 |a библиотека А. Г. Стромберга 
675 |a 543.552  |v 4 
700 1 |a Безуглый  |b В. Д. 
701 1 |a Мельник  |b Л. А. 
801 1 |a RU  |b 63413507  |c 20170920 
801 2 |a RU  |b 63413507  |c 20171205  |g RCR 
942 |c BK